| 000 | 00815cab a2200265 4500 | ||
|---|---|---|---|
| 001 | WB3321-31 | ||
| 008 | 090401t1997 xxu||||| |||| 00| 0 eng d | ||
| 035 | _a(Sirsi) u78601 | ||
| 041 | _aeng | ||
| 245 | _aLandlords` rent filip | ||
| 260 | _c1997 | ||
| 350 | _a0 | ||
| 490 |
_aEstates Gazette _v(9721) 24 May 1997, 37(1) |
||
| 520 | _aHillier Parker predicts that landlords will enjoy increases at rent review at all prime office buildings in UK towns during 1998. | ||
| 650 | _a1998 | ||
| 650 | _aFORECASTS | ||
| 650 | _aHILLIER PARKER | ||
| 650 | _aPROPERTY-COMMERCIAL PROPERTY-OFFICE PROPERTY-OFFICE PROPERTY MARKET | ||
| 650 | _aOFFICE RENTS | ||
| 650 | _aPRIME LOCATIONS | ||
| 650 | _aRENT REVIEW MARKET | ||
| 690 | _aLANDLORD AND TENANT-RENT REVIEWS | ||
| 942 | _n0 | ||
| 948 | _c28/05/1997 | ||
| 999 |
_c49431 _d49431 |
||